Selected poems 1923-1967 [of] Jorge Luis Borges /

Saved in:
Bibliografiske detaljer
Hovedforfatter: Borges, Jorge Luis, 1899-
Andre forfattere: Di Giovanni, Norman Thomas
Format: Bog
Sprog:English
Udgivet: London : Allen Lane, 1972.
Fag:
LEADER 01118nam a2200265 a 4500
001 c000149268
003 CARM
005 00000000000000.0
008 721124r19721972enk 00110 eng d
019 1 |a 1927252  |z 23853133  |z 22014712  |z 51961069  |z 55534008  |5 LACONCORD2021 
020 |a 0713901411  |c L.5.00 
035 |a (OCoLC)626483  |5 LACONCORD2021 
040 |d VBX 
041 1 |a spaeng 
082 1 |a 861  |2 19 
100 1 |a Borges, Jorge Luis,  |d 1899- 
245 1 0 |a Selected poems 1923-1967 [of] Jorge Luis Borges /  |c edited, with an introduction and notes by Norman Thomas di Giovanni. 
260 |a London :  |b Allen Lane,  |c 1972. 
300 |a xxvi, 348p ;  |c 25cm. 
500 |a Parallel Spanish text and English translation. - 'For this English edition, five poems have been added to the main section.' - Note. 
650 0 |a Argentine poetry. 
700 1 |a Di Giovanni, Norman Thomas. 
852 8 |b CARM  |h A2:AB06A0  |i B02533  |p 0089331  |f BK 
999 f f |i 37e22614-e921-5774-8977-38727a91d49f  |s 7aecdd0c-ccb1-5396-8e66-f87c751d9740 
952 f f |p Can circulate  |a CAVAL  |b CAVAL  |c CAVAL  |d CARM 1 Store  |e B02533  |f A2:AB06A0  |h Other scheme  |i book  |m 0089331